Music Quiz

Random Music or Song Quiz

'80s Songs by First 10 Seconds Quiz Stats

Quiz Updated Oct 3, 2017

Challenge
Share
Tweet
Score 0/50 Timer 17:00
32 Plays Today
Clip Song % Correct
0:50Super Freak
92.4%
0:20Summer of '69
88.8%
3:10Every Breath You Take
82.2%
2:20Like a Virgin
81.2%
0:30Time After Time
79.4%
4:20Tainted Love
79.3%
0:10Back in Black
79%
7:00I Love Rock 'n' Roll
78.6%
1:00Africa
78.4%
7:20Take My Breath Away
77%
7:10Don't Stop Believin'
76.8%
2:00Crazy Little Thing Called Love
76.6%
0:40Beat It
75.6%
6:40Down Under
73.1%
1:20Start Me Up
73%
5:10Wake Me Up Before You Go-Go
72%
5:00Hit Me with Your Best Shot
69%
8:10Paradise City
68.3%
4:10Hungry Like the Wolf
67.1%
1:10It's the End of the World as We Know It (And I Feel Fine)
66.2%
5:50Walk Like an Egyptian
66%
5:40Funkytown
63.1%
2:50Pride (In the Name of Love)
61.8%
7:30Whip It
61.6%
8:00Rock the Casbah
58.7%
Clip Song % Correct
4:30Rock You Like a Hurricane
56.3%
3:20Turning Japanese
55.3%
1:40Venus
54.9%
6:00You Spin Me Round (Like a Record)
52.9%
1:50It's Tricky
52.4%
6:50Flashdance... What a Feeling
51.4%
4:40Janie's Got a Gun
49.4%
5:30Pour Some Sugar on Me
48.9%
6:20Sharp Dressed Man
48.8%
6:10Panama
41.7%
7:40You Got It (The Right Stuff)
41.3%
3:00Rebel Yell
35.8%
2:40I Want a New Drug
32.9%
3:50Together Forever
32.8%
0:00Head Over Heels
26.9%
7:50For Whom the Bell Tolls
25.3%
2:30How Soon Is Now?
23.1%
4:00The Spirit of Radio
20%
4:50Ashes to Ashes
18.8%
3:30(Just Like) Starting Over
18.7%
1:30The Trooper
16.8%
5:20About a Girl
16.4%
6:30Here Comes Your Man
16.1%
2:10Handle with Care
16%
3:40Bark at the Moon
15.8%

You're not logged in!

Compare scores with friends on all Sporcle quizzes.
Sign Up with Email
OR
Log In

You Might Also Like...

Show Comments

Extras

Top Quizzes Today


Score Distribution

Your Account Isn't Verified!

In order to create a playlist on Sporcle, you need to verify the email address you used during registration. Go to your Sporcle Settings to finish the process.